MANUAL DE PSICOLOGIA JURIDICA E INVESTIGACION CRIMINAL (Record no. 74956)
[ view plain ]
| 000 -CABECERA | |
|---|---|
| campo de control de longitud fija | 00548nam a2200181Ia 4500 |
| 001 - NÚMERO DE CONTROL | |
| campo de control | 29875 |
| 005 - FECHA Y HORA DE LA ÚLTIMA TRANSACCIÓN | |
| campo de control | 20260414093252.0 |
| 008 - CÓDIGOS DE INFORMACIÓN DE LONGITUD FIJA | |
| campo de control de longitud fija | 260115s9999 xx 000 0 und d |
| 035 ## - NÚMERO DE CONTROL DEL SISTEMA | |
| Número de control de sistema | 19960 |
| 090 ## - LOCALMENTE ASIGNADO TIPO-LC NÚMERO DE CLASIFICACIÓN (OCLC); NÚMERO DE CLASIFICACIÓN LOCAL (RLIN) | |
| Número de clasificación (OCLC) (R) ; Numero de clasificación CALL (RLIN) (NR) | 159.9; 343 |
| 100 ## - PUNTO DE ACCESO PRINCIPAL - NOMBRE DE PERSONA | |
| Nombre de persona | SORIA VERDE MIGUEL ANGEL (COORDINADOR) |
| 245 #0 - MENCIÓN DE TÍTULO | |
| Título | MANUAL DE PSICOLOGIA JURIDICA E INVESTIGACION CRIMINAL |
| 260 ## - PUBLICACIÓN, DISTRIBUCIÓN, ETC. (PIE DE IMPRENTA) | |
| Nombre del editor distribuidor etc. | PIRAMIDE |
| Fecha de publicación distribución etc. | 2005 |
| 630 ## - PUNTO DE ACCESO ADICIONAL DE MATERIA--TÍTULO UNIFORME | |
| Título uniforme | PSICOLOGIA |
| 650 ## - PUNTO DE ACCESO ADICIONAL DE MATERIA--TÉRMINO DE MATERIA | |
| Término de materia o nombre geográfico como elemento inicial | DERECHO PENAL |
| 942 ## - ELEMENTOS DE PUNTO DE ACCESO ADICIONAL (KOHA) | |
| Tipo de ítem Koha | Monografías |
| 901 ## - ELEMENTOS DE DATOS A LOCAL LDA (RLIN) | |
| a | FH |
| b | FH |
| y | BK |
| p | SEH_29875 |
| i | 26735 |
| j | "159.9 |
| t | DERECHO |
| z | 1 |
| x | 264 PAGS, 24 X 19 CTMS, 25,97 84-368-2008-8 |
| Estado de retiro | Estado de pérdida | Estado dañado | No para préstamo | Localización permanente | Ubicación/localización actual | Fecha de adquisición | Número de inventario | Número de registro | Total de préstamos | Código de barras | Fecha visto por última vez | Número de copia | Precio válido a partir de | Tipo de ítem Koha | Nota pública |
|---|---|---|---|---|---|---|---|---|---|---|---|---|---|---|---|
| Servicio de Estudios Históricos | Servicio de Estudios Históricos | 14/04/2026 | 26735 | 26735 | SEH_29875 | 14/04/2026 | DERECHO | 14/04/2026 | Monografías | 1 |
